| 000 | 00398nam a2200157Ia 4500 | ||
|---|---|---|---|
| 008 | 230917s9999||||xx |||||||||||||| ||und|| | ||
| 020 | _cPOU10.5 | ||
| 040 |
_e3814 _aMAIN |
||
| 041 | _aEnglish | ||
| 082 | _a320.947 H555S | ||
| 100 | _aHill, Ronald J | ||
| 245 | 0 | _aSoviet political elites: The case of tiraspol | |
| 260 |
_aLondon _bMartin Robertson _c1977 |
||
| 300 | _ax, 226 p. | ||
| 942 | _cBK | ||
| 999 |
_c57664 _d57664 |
||